Beliefs | 6 | 11.67 | 100% | 17% | 0% |
Fine Arts - Classical Music and Opera | 5 | 6.00 | 40% | 20% | 0% |
Fine Arts - Other Fine Arts | 4 | 12.50 | 75% | 50% | 0% |
Fine Arts - Visual Fine Arts | 6 | 11.67 | 83% | 33% | 0% |
Geography | 3 | 10.00 | 100% | 0% | 0% |
History - European History | 7 | 12.86 | 86% | 29% | 14% |
History - Other History | 4 | 12.50 | 75% | 25% | 25% |
History - US History | 3 | 13.33 | 100% | 33% | 0% |
History - World History | 6 | 13.33 | 83% | 33% | 17% |
Literature - American Literature | 7 | 12.86 | 100% | 29% | 0% |
Literature - British Literature | 5 | 16.00 | 100% | 40% | 20% |
Literature - European Literature | 4 | 17.50 | 100% | 50% | 25% |
Literature - World Literature | 8 | 13.75 | 88% | 38% | 13% |
Modern World | 5 | 12.00 | 100% | 20% | 0% |
Other Academic | 2 | 15.00 | 100% | 50% | 0% |
Philosophy | 4 | 17.50 | 100% | 50% | 25% |
Science - Biology | 8 | 7.50 | 63% | 13% | 0% |
Science - Chemistry | 3 | 6.67 | 67% | 0% | 0% |
Science - Other Science | 4 | 7.50 | 50% | 25% | 0% |
Science - Physics | 4 | 5.00 | 50% | 0% | 0% |
Social Science | 7 | 12.86 | 57% | 57% | 14% |